| 000 | 01863nam0a2200349 4500 | ||
|---|---|---|---|
| 001 | RU\NLR\BIBL_A\022258423 | ||
| 005 | 20260405151758.0 | ||
| 010 | _a978-5-900351-14-8 | ||
| 035 | _a(NLR Aleph) 022258423 | ||
| 090 |
_a12306775 _c12306775 |
||
| 100 | _a20240621d2012 |||y0rusy50 ca | ||
| 101 | 1 |
_arus _afre _cfre |
|
| 102 | _aRU | ||
| 105 | _aach z 001ey | ||
| 181 | 0 |
_ai _baxxe |
|
| 182 | 0 | _an | |
| 200 | 1 |
_a"Твои письма единственная для меня радость..." _eиз личной переписки Татьяны Александровны Юсуповой _fпод общей редакцией Н. В. Кукурузовой _gавтор проекта Н. В. Кукурузова _gперевод [с французского]: А. А. Дакелин |
|
| 203 |
_aТекст _bвизуальный _cнепосредственный |
||
| 210 |
_aСанкт-Петербург _c[б. и.] _d2012 |
||
| 215 |
_a190, [1] с., [8] л. ил., цв. ил. _cил., цв. ил., факс. _d25 |
||
| 225 | 1 | _aСерия "Юсуповский архив" | |
| 300 | _aКнига издана на средства Трофимова Владислава Германовича | ||
| 300 | _aЧасть текста фр. | ||
| 320 | _aИмен. указ.: с. 164-173 | ||
| 600 | 1 |
_aЮсупова _bТ. А. _f1829 - 1879 _gТатьяна Александровна _jПереписка _92593062 _3RU\NLR\AUTH\6601741961 |
|
| 686 | 1 | _aТ3(2)51-8 | |
| 700 | 1 |
_aЮсупова _bТ. А. _f1829-1879 _gТатьяна Александровна |
|
| 702 | 1 |
_4340 _8rus _7ca _aКукурузова _bН. В. _f1947- _gНина Васильевна _3RU\NLR\AUTH\7762921 _945851 |
|
| 942 | _cBOOK | ||
| 980 | _aNB | ||